Statistics for Country Bordering the Most Countries that begin with a given Initial Letter

Click here to take the quiz!

General Stats

  • This quiz has been taken 64 times
  • The average score is 17 of 24

Answer Stats

Initial letterzzzzzzzzzzzzzzzzzzzzzzzCountryzzzzzzzzzzzzzzzzzzzzzzz% Correct
YOman, Saudi Arabia (1)
88%
JIraq, Israel, Saudi Arabia, Syria (1)
86%
QSaudi Arabia, United Arab Emirates (1)
86%
OSaudi Arabia, United Arab Emirates, Yemen (1)
86%
FAndorra, Belgium, Brazil, Germany, Italy, Luxembourg, Monaco, Netherlands, Norway, Russia, Spain, Suriname, Sweden, Switzerland (1)
84%
DAngola, Burundi, Central African Republic, Eritrea, Ethiopia, Germany, Haiti, Republic of the Congo, Rwanda, Somalia, South Sudan, Tanzania, Uganda, Zambia (1)
81%
ZBotswana, Mozambique (2)
81%
VBrazil, Cambodia, China, Colombia, Guyana, Italy, Laos (1)
81%
UAfghanistan, Argentina, Belarus, Brazil, Canada, Democratic Republic of the Congo, Hungary, Ireland, Kazakhstan, Kenya, Kyrgyzstan, Mexico, Moldova, Oman, Poland, Qatar, Romania, Russia, Rwanda, Saudi Arabia, Slovakia, South Sudan, Spain, Tajikistan, Tanzania, Turkmenistan (1)
79%
NBenin, Chad, China, Russia (2)
77%
KChina, Uzbekistan (2)
77%
HAustria, Croatia, Dominican Republic, El Salvador, Guatemala, Nicaragua, Romania, Serbia, Slovakia, Slovenia, Ukraine (1)
74%
CCameroon, Central African Republic, Chad, Laos, Nigeria, Panama, Peru, Republic of the Congo, Sudan, Vietnam (2)
74%
IJordan, Pakistan, Syria, Turkey (2)
74%
PBolivia, Brazil, Colombia (2)
67%
LBelarus, Russia (2)
65%
RDemocratic Republic of the Congo, Ukraine (2)
65%
MAlgeria (3)
63%
ESudan (3)
60%
SAustria, Ethiopia, France, Hungary, Italy (3)
56%
BIndia (3)
56%
AIran (3)
56%
GSenegal (3)
56%
TAfghanistan, Iran, Uzbekistan (2)
53%

Score Distribution

Percentile by Number Answered

Percent of People with Each Score

Your Score History

You have not taken this quiz